000 00645nam a2200241Ia 4500
003 OSt
005 20220923230731.0
006 a|||||r|||| 00| 0
007 ta
008 Pun
020 _c30
024 _a305,151
037 _cTextual
040 _aARTS
_cARTS
_bPun
041 _2Pun
_aPun
082 _aQ8441:332xK21, 153N6
100 _aਤਿਵਾੜੀ, ਵਿFਵਾਨਾਥ
245 0 _aਸਿਮਰਨ ਤੋ੍ਵ Fਹਾਕਤ ਤੀਕ
260 _c1996
650 _aਧਰਮ
942 _hQ8441:332xK21, 153N6
_cTEXL
_2CC
999 _c386954
_d386954